Lê Thánh Tông: Thơ văn và cuộc đời

Sách được chia làm hai phần chính: Phần tiểu luận gồm các bài viết gần đây của một số nhà khoa học về con người và văn nghiệp Lê Thánh Tông; và phần tuyển tác phẩm của tác giả này. Ngoài ra, phần cuối sách có chọn giới thiệu một sô...

תיאור מלא

שמור ב:
מידע ביבליוגרפי
מחבר ראשי: Lê Thánh Tông
פורמט: ספר
שפה:Undetermined
יצא לאור: Hà Nội Văn Học 1998
נושאים:
תגים: הוספת תג
אין תגיות, היה/י הראשונ/ה לתייג את הרשומה!
Thư viện lưu trữ: Trung tâm Học liệu Trường Đại học Cần Thơ
LEADER 01128nam a2200205Ia 4500
001 CTU_32582
008 210402s9999 xx 000 0 und d
020 |b 53.000đ 
082 |a 809 
082 |b T455 
100 |a Lê Thánh Tông 
245 0 |a Lê Thánh Tông: Thơ văn và cuộc đời 
245 0 |c Lê Thánh Tông 
260 |a Hà Nội 
260 |b Văn Học 
260 |c 1998 
520 |a Sách được chia làm hai phần chính: Phần tiểu luận gồm các bài viết gần đây của một số nhà khoa học về con người và văn nghiệp Lê Thánh Tông; và phần tuyển tác phẩm của tác giả này. Ngoài ra, phần cuối sách có chọn giới thiệu một số giai thoại về Lê Thánh Tông - vị vua nổi tiếng hay chữ, xung quanh tiểu sử và thơ văn ông đã hình thành rất nhiều giai thoại 
650 |a vietnamese literature - 15th century 
904 |i Minh, 990811 
980 |a Trung tâm Học liệu Trường Đại học Cần Thơ